|
|
|
|
| LEADER |
00000nam0a2200000 4500 |
| 001 |
319885 |
| 005 |
20231102003225.0 |
| 035 |
|
|
|a (RuTPU)RU\TPU\book\345395
|
| 090 |
|
|
|a 319885
|
| 100 |
|
|
|a 20160615d1940 km y0rusy50 ca
|
| 101 |
0 |
|
|a rus
|
| 102 |
|
|
|a RU
|
| 105 |
|
|
|a a z 001zy
|
| 200 |
1 |
|
|a Производство соды и сульфата аммония из мирабилита
|e сборник
|f Научный институт по удобрениям и инсектофунгисидам им. Я. В. Самойлова ; под ред. С. И. Вольфковича ; сост. А. П. Белопольский
|
| 210 |
|
|
|a Москва
|a Ленинград
|c Государственное научно-техническое издательство химической литературы
|c 1940
|
| 215 |
|
|
|a 223 с.
|c ил.
|
| 225 |
1 |
|
|a Труды Научного института по удобрениям и инсектофунгисидам
|v Вып. 144
|
| 320 |
|
|
|a Библиогр. в конце ст.
|
| 606 |
1 |
|
|a Сода каустическая
|x Производство
|x Себестоимость
|2 stltpush
|3 (RuTPU)RU\TPU\subj\32088
|9 54753
|
| 606 |
1 |
|
|a Аммоний, сульфат
|x Производство
|2 stltpush
|3 (RuTPU)RU\TPU\subj\32183
|9 54813
|
| 610 |
1 |
|
|a мирабилит
|
| 610 |
1 |
|
|a производство
|
| 610 |
1 |
|
|a сульфат натрия
|
| 610 |
1 |
|
|a растворимость
|
| 610 |
1 |
|
|a сульфат натрия
|
| 610 |
1 |
|
|a водные растворы
|
| 610 |
1 |
|
|a карбонизация
|
| 610 |
1 |
|
|a аммиачно-сульфатные растворы
|
| 610 |
1 |
|
|a содовые колонны
|
| 675 |
|
|
|a 661.34
|v 3
|
| 675 |
|
|
|a 661.522
|v 3
|
| 702 |
|
1 |
|a Вольфкович
|b С. И.
|4 340
|
| 702 |
|
1 |
|a Белопольский
|b А. П.
|4 220
|
| 712 |
0 |
2 |
|a Научный институт по удобрениям и инсектофунгисидам им. Я. В. Самойлова
|2 stltpush
|3 (RuTPU)RU\TPU\col\8506
|9 24539
|
| 801 |
|
1 |
|a RU
|b 63413507
|c 20160615
|
| 801 |
|
2 |
|a RU
|b 63413507
|c 20200203
|g RCR
|
| 942 |
|
|
|c BK
|